000 00923nam a22002295i 4500
001 53667
003 ES-MaACL
005 20230906162816.0
007 t|
008 960708s1891 sp ||||1| spa d
040 _aCAM
_bspa
_cCAM
100 1 _aFernández Caro, Ángel.
_949551
245 1 0 _aHospitalización
_b: tema discutido durante los cursos académicos de 1890-1891 /
_cponente Fernández-Caro.
260 _aMadrid :
_b[s.n.],
_c1891 (
_fEstablecimiento tipográfico de Enrique Teodoro)
300 _a121, [1] p. ;
_c21 cm.
530 _aDisponible también en sitio web.
594 _aPrecede al título: Sociedad Española de Higiene.
650 4 _aHigiene hospitalaria.
_9148879
710 2 _aSociedad Española de Higiene.
_96725
852 _aES-MaACL
_jT-561-F-1
856 _uhttp://bibliotecadigitalhispanica.bne.es:80/webclient/DeliveryManager?pid=1831736&custom_att_2=simple_viewer
_zIr a la página
999 _c53667
_d53667